banner-ar

LATIN PARYRI IN THE UNIVERSITY OF MICHIGAN COLLECTION VOL.VII / (Record no. 12323)

MARC details
000 -الفاتح
حقل البيانات ثابتة الطول 00521nam a2200193Ia 4500
008 - عناصر البيانات ثابتة الطول - معلومات عامة
حقل البيانات ثابتة الطول 140319s9999 xx 000 0 eng d
040 ## - مصدر الفهرسة
وكالة الفهرسة الأصلية GCL /
وكالة النسخ GCL
082 04 - رقم تصنيف ديوى العشرى
رقم التصنيف 470
رقم المادة S L
100 1# - المدخل الرئيسى - إسم شخصى
الإسم الشخصى SANDERS, HENRY A.
245 10 - بيان العنوان
العنوان LATIN PARYRI IN THE UNIVERSITY OF MICHIGAN COLLECTION VOL.VII /
بيان المسئوليه,etc SANDERS, HENRY A.
700 1# - المدخل الاضافى - اسم شخصى
الإسم الشخصى DUNLOP, JAMES E.
260 ## - PUBLICATION, DISTRIBUTION, ETC. (IMPRINT)
تاريخ النشر أو التوزيع 1947
300 ## - الوصف المادى
التعداد 126 P
650 04 - المدخل الاضافى بالموضوع-مصطلح موضوعى
مصطلح موضوعي PARYRUS
650 04 - المدخل الاضافى بالموضوع-مصطلح موضوعى
مصطلح موضوعي DOCUMENTATION
650 04 - المدخل الاضافى بالموضوع-مصطلح موضوعى
مصطلح موضوعي LATIN LANGUAGE
942 ## - عناصر المدخل الإضافي( كوها)
مصدر التصنيف او مخطط الترفيف Dewey Decimal Classification
Koha [default] item type كتاب
260 ## - PUBLICATION, DISTRIBUTION, ETC. (IMPRINT)
-- [S.N] :
-- ANN ARBOR ،
Holdings
حالة التراجع حالة الفقد حالة تلف ليس للاعارة المكان المؤقت الموقع الحالى تاريخ الاكتساب اجمالي اﻻعارات رقم الطلب الباركود تاريخ اخر مشاهدة تاريخ تفعيل السعر نوع وعاء كوها
        مكتبة القاهرة الكبرى مكتبة القاهرة الكبرى 03/26/2014   470\S L 24019 03/26/2014 03/26/2014 كتاب

Powered By

EGPV